00888 2200301 4500001002100000005001500021035002000036007000300056008004100059020002200100040002200122082001400144084001600158100002400174245008000198250002600278300004300304650000900347700003400356850001200390504002900402264004100431336002100472337003000493338002300523990002000546990002000566INLIS00000000085212620191021124725 a0010-1019000853ta191021s2017 yoia g ind d a978-979-911-620-8 aYOPDYOGbinderda04223a613.2 a613.2 KUR d0 aKurniasihepenerbit10aDiet sehat tanpa lapar /cpenulis, Kurniasih; penyunting, Tika Yuitaningrum aCetakan pertama, 2017 aiii, 140 halaman :bilustrasi ;c19 cm 4aDiet0 aTika Yuitaningrumepenyunting aYOPDYOG aBibliografi: halaman 139 1aYogyakarta :bMedia Pressindo,c2017 2rdacontentateks 2rdamediaatanpa perantara 2rdacarrieravolume a40563-PD/B.2019 a40564-PD/B.2019